[Event "Balkaniad 17th"]
[Site "Heraklion"]
[Date "1985.10.??"]
[Round "3"]
[White "Toshkov, Tihomir"]
[Black "Ghinda, Mihail Viorel"]
[Result "0-1"]
[WhiteElo "2420"]
[BlackElo "2430"]
[PlyCount "84"]
[EventDate "1985.10.20"]
[EventType "team-tourn"]
[EventRounds "5"]
[EventCountry "GRE"]
[SourceTitle "EXT 2010"]
[Source "ChessBase"]
[SourceDate "2010.11.25"]
[SourceVersion "1"]
[SourceVersionDate "2010.11.25"]
[SourceQuality "1"]
[WhiteTeam "Bulgaria"]
[BlackTeam "Romania"]
[WhiteTeamCountry "BUL"]
[BlackTeamCountry "ROU"]

1. Nf3 Nf6 2. c4 g6 3. Nc3 d5 4. Qa4+ Bd7 5. Qb3 dxc4 6. Qxc4 Bg7 7. g3 0-0 8. Bg2 Nc6 9. d3 Bg4 10. Qa4 Qd7 11. 0-0 Bxf3 12. exf3 Nd4 13. Qd1 Rfd8 14. Re1 a5 15. f4 c6 16. Be3 e6 17. Na4 Qc7 18. Rc1 Nd5 19. a3 Rd6 20. Bd2 Rad8 21. Nc5 b6 22. Ne4 R6d7 23. Qa4 Ra8 24. Bc3 b5 25. Qd1 a4 26. Bxd4 Bxd4 27. Qc2 Ne7 28. Ng5 Rf8 29. h4 Bg7 30. Be4 Rd6 31. b3 h6 32. Nh3 b4 33. axb4 a3 34. b5 Bb2 35. Rb1 Nd5 36. bxc6 Rxc6 37. Qe2 Nc3 38. Rxb2 Nxe2+ 39. Rbxe2 Rc1 40. Kg2 Rxe1 41. Rxe1 Qc3 42. Re2 f5 0-1

[Event "Balkaniad 17th"]
[Site "Heraklion"]
[Date "1985.10.??"]
[Round "4"]
[White "Toshkov, Tihomir"]
[Black "Ivanovic, Bozidar"]
[Result "0-1"]
[WhiteElo "2420"]
[BlackElo "2490"]
[PlyCount "76"]
[EventDate "1985.10.20"]
[EventType "team-tourn"]
[EventRounds "5"]
[EventCountry "GRE"]
[SourceTitle "EXT 2020"]
[Source "ChessBase"]
[SourceDate "2019.10.17"]
[SourceVersion "1"]
[SourceVersionDate "2019.10.17"]
[SourceQuality "1"]
[WhiteTeam "Bulgaria"]
[BlackTeam "Yugoslavia"]
[WhiteTeamCountry "BUL"]
[BlackTeamCountry "YUG"]

1. d4 c5 2. d5 e5 3. e4 d6 4. Nc3 Be7 5. Bb5+ Nd7 6. Nf3 a6 7. Be2 b5 8. a3 Ngf6 9. b4 0-0 10. 0-0 Qc7 11. Bb2 Nb6 12. Nd2 Bd7 13. Kh1 Rfb8 14. Rb1 Ne8 15. Ba1 Rc8 16. Nb3 cxb4 17. axb4 Na4 18. Nxa4 bxa4 19. Na5 Qxc2 20. Nc6 Qxd1 21. Bxd1 Bxc6 22. dxc6 Rxc6 23. Bxa4 Rc7 24. Bb2 Kf8 25. Bc1 Rb8 26. Bd2 h6 27. g3 Nf6 28. Rfe1 Rc4 29. f3 Rd4 30. Bc3 Rd3 31. Rbc1 Rxf3 32. Bd1 Rd3 33. Be2 Nxe4 34. Ba1 Bg5 35. Rc7 Re3 36. Rf1 Rxe2 37. Rfxf7+ Ke8 38. Rxg7 Rf2 0-1

[Event "Albena-17"]
[Site "Albena"]
[Date "1985.09.10"]
[Round "8"]
[White "Lukacs, Peter"]
[Black "Toshkov, Tihomir"]
[Result "1-0"]
[WhiteElo "2470"]
[BlackElo "2420"]
[PlyCount "46"]
[EventDate "1985.09.02"]
[EventType "tourn"]
[EventRounds "13"]
[EventCountry "BUL"]
[EventCategory "8"]
[SourceTitle "EXT 1999"]
[Source "ChessBase"]
[SourceDate "1998.11.16"]
[SourceVersion "1"]
[SourceVersionDate "1998.11.16"]
[SourceQuality "1"]

1. d4 Nf6 2. c4 e6 3. Nf3 a6 4. Nc3 c5 5. d5 b5 6. Bg5 b4 7. Ne4 d6 8. Qd3 Be7 9. Bxf6 Bxf6 10. dxe6 Bxe6 11. Nxd6+ Kf8 12. 0-0-0 Qa5 13. Kb1 Nc6 14. Qe4 Qc7 15. Nf5 Rd8 16. Rxd8+ Qxd8 17. Ne3 Na5 18. Qd3 Qa8 19. g3 g6 20. Bg2 Kg7 21. Ng5 Bxc4 22. Ne6+ Bxe6 23. Bxa8 Rxa8 1-0